<?xml version="1.0" encoding="UTF-8"?><?xml-stylesheet type="text/xsl" href="static/style.xsl"?><OAI-PMH xmlns="http://www.openarchives.org/OAI/2.0/" xmlns:xsi="http://www.w3.org/2001/XMLSchema-instance" xsi:schemaLocation="http://www.openarchives.org/OAI/2.0/ http://www.openarchives.org/OAI/2.0/OAI-PMH.xsd"><responseDate>2026-04-28T19:49:01Z</responseDate><request verb="GetRecord" identifier="oai:uvadoc.uva.es:10324/52463" metadataPrefix="marc">https://uvadoc.uva.es/oai/request</request><GetRecord><record><header><identifier>oai:uvadoc.uva.es:10324/52463</identifier><datestamp>2024-12-31T21:01:30Z</datestamp><setSpec>com_10324_38</setSpec><setSpec>col_10324_787</setSpec></header><metadata><record xmlns="http://www.loc.gov/MARC21/slim" xmlns:doc="http://www.lyncode.com/xoai" xmlns:xsi="http://www.w3.org/2001/XMLSchema-instance" xmlns:dcterms="http://purl.org/dc/terms/" xsi:schemaLocation="http://www.loc.gov/MARC21/slim http://www.loc.gov/standards/marcxml/schema/MARC21slim.xsd">
<leader>00925njm 22002777a 4500</leader>
<datafield tag="042" ind1=" " ind2=" ">
<subfield code="a">dc</subfield>
</datafield>
<datafield tag="720" ind1=" " ind2=" ">
<subfield code="a">Rubio Vicens, Cristina</subfield>
<subfield code="e">author</subfield>
</datafield>
<datafield tag="260" ind1=" " ind2=" ">
<subfield code="c">2021</subfield>
</datafield>
<datafield tag="520" ind1=" " ind2=" ">
<subfield code="a">A lo largo de este Trabajo de fin de Máster exponemos exhaustivamente nuestra propuesta de Programación didáctica anual para la asignatura de Geografía e Historia del curso de 1º de ESO. En dicho curso se imparten unidades didácticas tanto de Geografía como de Historia, en concreto de la Edad Antigua.&#xd;
De acuerdo con la legislación educativa española, la finalidad de la programación es la de diseñar un plan que estructure todos los elementos que intervienen en el proceso de enseñanza-aprendizaje. La programación ha de ser el pilar fundamental que recoja nuestra actividad docente (objetivos, contenidos, metodología, instrumentos y criterios de calificación…) todo ello encaminado a lograr el máximo desarrollo académico y personal del alumnado y a adquirir las competencias establecidas en la legislación.</subfield>
</datafield>
<datafield tag="024" ind2=" " ind1="8">
<subfield code="a">https://uvadoc.uva.es/handle/10324/52463</subfield>
</datafield>
<datafield tag="245" ind1="0" ind2="0">
<subfield code="a">La Aventura de la Historia: programación didáctica para la asignatura de Geografía e Historia de 1º de la ESO</subfield>
</datafield>
</record></metadata></record></GetRecord></OAI-PMH>